000 00394nam a2200157Ia 4500
008 230711s9999||||xx |||||||||||||| ||und||
041 _aENG
082 _a5
_bWA-C
100 _aWandschneider,Marc
245 0 _aCore web application development with PHP and mysql
250 _a1st Ed.
260 _c2006
_aNew Delhi
_bPearson
300 _a858
650 _aComputer Engineering
942 _cBK
999 _c4575
_d4575